Fundamentals of engineering thermodynamics / (Record no. 598665)
[ view plain ]
| 000 -LEADER | |
|---|---|
| fixed length control field | 00287nam a2200109Ia 4500 |
| 008 - FIXED-LENGTH DATA ELEMENTS--GENERAL INFORMATION | |
| fixed length control field | 230907s9999||||xx |||||||||||||| ||und|| |
| 082 ## - DEWEY DECIMAL CLASSIFICATION NUMBER | |
| Classification number | 621.4021 |
| Author Mark | FUN |
| 245 #0 - TITLE STATEMENT | |
| Title | Fundamentals of engineering thermodynamics / |
| 300 ## - PHYSICAL DESCRIPTION | |
| Extent | xiv, 1042 pages : |
| 650 ## - SUBJECT ADDED ENTRY--TOPICAL TERM | |
| Topical term or geographic name entry element | Textbooks. |
| 9 (RLIN) | 8511 |
| 942 ## - ADDED ENTRY ELEMENTS (KOHA) | |
| Koha item type | Book |
| Withdrawn status | Lost status | Damaged status | Not for loan | Permanent Location | Current Location | Date acquired | Total Checkouts | Full call number | Barcode | Date last seen | Price effective from | Koha item type |
|---|---|---|---|---|---|---|---|---|---|---|---|---|
| US-Pakistan Center for Advanced Studies in Energy (USPCAS-E) | US-Pakistan Center for Advanced Studies in Energy (USPCAS-E) | 07/23/2019 | 621.4021 FUN | CAS-E0002764 | 09/12/2023 | 09/12/2023 | Book |
